Normal view
MARC view
- الحكم العثماني للاردن 1516-1918 م
Entry Topical Term
001 - CONTROL NUMBER
- control field: 40957
003 - CONTROL NUMBER IDENTIFIER
- control field: JO-AjAnu
005 - DATE AND TIME OF LATEST TRANSACTION
- control field: 20230606080813.0
008 - FIXED-LENGTH DATA ELEMENTS
- fixed length control field: 230606|| aca||aabn | a|a d
040 ## - CATALOGING SOURCE
- Original cataloging agency: JO-AjAnu
- Transcribing agency: JO-AjAnu
150 ## - HEADING--TOPICAL TERM
- Topical term or geographic name entry element: الحكم العثماني للاردن 1516-1918 م
670 ## - SOURCE DATA FOUND
- Source citation: Work cat.: (JO-AjAnu)20990: تاليف أبو الشعر، هند , author 40956, تاريخ شرقي الاردن في العهد العثماني 922هجري-1337هجري/1516م-1918م